[Event "GER-ch52 V07 email"]
[Site "GER email"]
[Date "2020.04.16"]
[Round "?"]
[White "Schludecker, Elke"]
[Black "Mehlhorn, Uwe"]
[Result "0-1"]
[WhiteElo "2349"]
[BlackElo "2366"]
[PlyCount "58"]
[EventDate "2020.??.??"]
[EventType "tourn (corr)"]
[EventRounds "10"]
[EventCountry "GER"]
[SourceTitle "Corr 2022"]
[Source "ChessBase"]
[SourceDate "2021.10.24"]
[SourceVersion "1"]
[SourceVersionDate "2021.10.24"]
[SourceQuality "1"]

1. e4 c5 2. Nc3 Nc6 3. d4 cxd4 4. Nb1 d5 5. Bd3 e5 6. Nf3 f5 7. exd5 Qxd5 8. Nbd2 Be7 9. Bc4 Qd6 10. c3 d3 11. Qb3 Nh6 12. Bd5 e4 13. 0-0 exf3 14. Nxf3 Ng4 15. Re1 Nf6 16. Bf7+ Kf8 17. a4 b6 18. Be3 f4 19. Bd2 Bg4 20. Ng5 Nd8 21. Bc4 Be2 22. a5 Rb8 23. Qb5 bxa5 24. Qxa5 Rxb2 25. Bxf4 Qxf4 26. Qxd8+ Bxd8 27. Ne6+ Ke7 28. Nxf4 Kd6 29. Nxd3 Bxd3 0-1

[Event "Oberliga Ost-B 1920"]
[Site "Germany"]
[Date "2020.02.29"]
[Round "8.5"]
[White "Schupp, Uwe"]
[Black "Mehlhorn, Uwe"]
[Result "1-0"]
[WhiteElo "2096"]
[BlackElo "2073"]
[PlyCount "91"]
[EventDate "2019.09.29"]
[EventType "team-tourn"]
[EventRounds "11"]
[EventCountry "GER"]
[SourceTitle "EXT 2023"]
[Source "ChessBase"]
[SourceDate "2022.10.05"]
[SourceVersion "1"]
[SourceVersionDate "2022.10.05"]
[SourceQuality "1"]
[WhiteTeam "Gernsheim"]
[BlackTeam "Stadtilm Blau Weiss"]
[WhiteTeamCountry "GER"]
[BlackTeamCountry "GER"]

1. g3 g6 2. Bg2 Bg7 3. c4 c5 4. Nc3 Nc6 5. a3 Nf6 6. Rb1 a5 7. d3 0-0 8. Nf3 d6 9. 0-0 Rb8 10. Ne1 Bd7 11. Nc2 Qc8 12. Re1 Nd4 13. Bg5 Re8 14. Nxd4 cxd4 15. Bxf6 Bxf6 16. Nd5 Bg7 17. Nb6 Qc7 18. Nxd7 Qxd7 19. b4 b6 20. Qb3 Qc7 21. Rb2 e6 22. Reb1 axb4 23. Qxb4 Bf8 24. Qb3 Be7 25. a4 Qa7 26. Qb5 Kg7 27. Qb3 Rec8 28. Qa2 Rc5 29. Rb5 Rxb5 30. Rxb5 Rf8 31. a5 Bd8 32. a6 f5 33. Bb7 Rf7 34. Qb2 e5 35. Rd5 Bc7 36. Qb5 Bb8 37. Qc6 Rc7 38. Qe8 Rxb7 39. axb7 Qxb7 40. Qd8 Qc7 41. Qxc7+ Bxc7 42. f4 exf4 43. gxf4 Kf6 44. Kg2 g5 45. fxg5+ Kxg5 46. Kf3 1-0

[Event "Oberliga Ost-B 1920"]
[Site "Germany"]
[Date "2020.01.18"]
[Round "6.6"]
[White "Mehlhorn, Uwe"]
[Black "Kirschbaum, Gunnar"]
[Result "1/2-1/2"]
[WhiteElo "2073"]
[BlackElo "2034"]
[PlyCount "35"]
[EventDate "2019.09.29"]
[EventType "team-tourn"]
[EventRounds "11"]
[EventCountry "GER"]
[SourceTitle "EXT 2021"]
[Source "ChessBase"]
[SourceDate "2020.10.23"]
[SourceVersion "1"]
[SourceVersionDate "2020.10.23"]
[SourceQuality "1"]
[WhiteTeam "Stadtilm Blau Weiss"]
[BlackTeam "Erfurt Medizin"]
[WhiteTeamCountry "GER"]
[BlackTeamCountry "GER"]

1. Nf3 g6 2. d4 Bg7 3. Nbd2 d6 4. e4 e6 5. Bd3 Ne7 6. 0-0 0-0 7. Re1 a6 8. a4 b6 9. Nf1 h6 10. Ng3 Bb7 11. Rb1 Nd7 12. c3 c5 13. b3 Rc8 14. Ba3 Nb8 15. Rc1 Qd7 16. dxc5 dxc5 17. Qc2 Rfd8 18. Be2 1/2-1/2

[Event "Oberliga Ost-B 1819"]
[Site "Germany"]
[Date "2019.04.07"]
[Round "11.6"]
[White "Meyer, Kai Christian"]
[Black "Mehlhorn, Uwe"]
[Result "1-0"]
[WhiteElo "2213"]
[BlackElo "2128"]
[PlyCount "67"]
[EventDate "2018.10.21"]
[EventType "team-tourn"]
[EventRounds "11"]
[EventCountry "GER"]
[SourceTitle "EXT 2020"]
[Source "ChessBase"]
[SourceDate "2019.10.17"]
[SourceVersion "1"]
[SourceVersionDate "2019.10.17"]
[SourceQuality "1"]
[WhiteTeam "Schoeneck"]
[BlackTeam "Stadtilm Blau Weiss"]
[WhiteTeamCountry "GER"]
[BlackTeamCountry "GER"]

1. d4 g6 2. Nf3 Bg7 3. e4 d6 4. c3 Nd7 5. Bg5 c6 6. Nbd2 h6 7. Bh4 Nf8 8. Bd3 Bg4 9. Nc4 b5 10. Ne3 Bxf3 11. Qxf3 a6 12. 0-0 Qd7 13. Qe2 d5 14. exd5 cxd5 15. a4 Ne6 16. axb5 Nf4 17. Qc2 Nf6 18. bxa6 0-0 19. Ra5 Rfc8 20. Rfa1 N6h5 21. Rc5 e5 22. Bb5 Qd6 23. Rxc8+ Rxc8 24. a7 Ra8 25. dxe5 Bxe5 26. Qa4 Kg7 27. Ng4 g5 28. Nxe5 Qxe5 29. Qd4 Qxd4 30. cxd4 gxh4 31. Bc6 Ne2+ 32. Kf1 Rxa7 33. Rxa7 Nhf4 34. Bxd5 1-0

[Event "Oberliga Ost-B 1819"]
[Site "Germany"]
[Date "2019.04.06"]
[Round "10.6"]
[White "Mehlhorn, Uwe"]
[Black "Seifert, Christopher"]
[Result "0-1"]
[WhiteElo "2128"]
[BlackElo "2327"]
[PlyCount "110"]
[EventDate "2018.10.21"]
[EventType "team-tourn"]
[EventRounds "11"]
[EventCountry "GER"]
[SourceTitle "EXT 2020"]
[Source "ChessBase"]
[SourceDate "2019.10.17"]
[SourceVersion "1"]
[SourceVersionDate "2019.10.17"]
[SourceQuality "1"]
[WhiteTeam "Stadtilm Blau Weiss"]
[BlackTeam "Neuberg"]
[WhiteTeamCountry "GER"]
[BlackTeamCountry "GER"]

1. d4 c5 2. c3 e6 3. e4 Nf6 4. Nd2 Nc6 5. Ngf3 cxd4 6. cxd4 d5 7. e5 Nd7 8. Be2 Qb6 9. Qa4 Bb4 10. a3 Bxd2+ 11. Bxd2 Qxb2 12. 0-0 Nb6 13. Qb5 Qxb5 14. Bxb5 Bd7 15. a4 Rc8 16. Rab1 Rc7 17. Rfc1 0-0 18. Bb4 Rd8 19. a5 Na8 20. Bxc6 Rxc6 21. Rxc6 Bxc6 22. Bd6 Rc8 23. Nd2 f6 24. f4 Kf7 25. Kf2 Nc7 26. Bc5 Nb5 27. Rc1 Bd7 28. Nb3 Rc6 29. Ke3 Kg6 30. g4 b6 31. axb6 axb6 32. Bb4 Rc4 33. Rxc4 dxc4 34. Nd2 Nc7 35. Kf2 Nd5 36. Bd6 c3 37. Nb3 Ba4 38. Nc1 f5 39. Kf3 Bd1+ 40. Kg3 fxg4 41. Ba3 Kf5 42. Nd3 Be2 43. Nb4 Nxf4 44. Kf2 Bc4 45. Ke3 h5 46. Bc1 h4 47. Nc6 Nd5+ 48. Kf2 b5 49. Ba3 Ke4 50. Ne7 Nxe7 51. Bxe7 c2 52. Ba3 b4 53. Bb2 Kd3 54. Ke1 Bd5 55. Bc1 g3 0-1

[Event "Oberliga Ost-B 1819"]
[Site "Germany"]
[Date "2019.03.24"]
[Round "9.6"]
[White "Nies, Peter"]
[Black "Mehlhorn, Uwe"]
[Result "1-0"]
[WhiteElo "2070"]
[BlackElo "2128"]
[PlyCount "47"]
[EventDate "2018.10.21"]
[EventType "team-tourn"]
[EventRounds "11"]
[EventCountry "GER"]
[SourceTitle "EXT 2020"]
[Source "ChessBase"]
[SourceDate "2019.10.17"]
[SourceVersion "1"]
[SourceVersionDate "2019.10.17"]
[SourceQuality "1"]
[WhiteTeam "Gernsheim"]
[BlackTeam "Stadtilm Blau Weiss"]
[WhiteTeamCountry "GER"]
[BlackTeamCountry "GER"]

1. e4 g6 2. Nc3 Bg7 3. f4 d6 4. Bc4 e6 5. Nf3 Ne7 6. Bb3 0-0 7. 0-0 d5 8. d3 c5 9. Qe1 b5 10. Nxb5 Qb6 11. c4 dxe4 12. dxe4 Bb7 13. Qh4 a6 14. Nc3 Nec6 15. f5 exf5 16. Bh6 Nd4 17. Ng5 Qf6 18. e5 Qxe5 19. Nxh7 Re8 20. Rae1 Be4 21. Nxe4 fxe4 22. Bxg7 Kxg7 23. Ng5 Nf3+ 24. Nxf3 1-0

[Event "GER-ch49 final email"]
[Site "GER email"]
[Date "2019.02.19"]
[Round "?"]
[White "Hanel, Roland"]
[Black "Mehlhorn, Uwe"]
[Result "1/2-1/2"]
[WhiteElo "2344"]
[BlackElo "2368"]
[PlyCount "40"]
[EventDate "2019.??.??"]
[EventType "tourn (corr)"]
[EventRounds "14"]
[EventCountry "GER"]
[SourceTitle "Corr 2022"]
[Source "ChessBase"]
[SourceDate "2021.10.24"]
[SourceVersion "1"]
[SourceVersionDate "2021.10.24"]
[SourceQuality "1"]

1. e4 c5 2. Nc3 Nc6 3. Nf3 g6 4. d4 cxd4 5. Nxd4 Bg7 6. Be3 Nf6 7. Be2 d6 8. Qd2 0-0 9. Nb3 Be6 10. 0-0 Rc8 11. Rad1 a6 12. h3 Na5 13. Nxa5 Qxa5 14. Bd4 b5 15. a3 Qc7 16. f4 Bc4 17. Bd3 Qb7 18. Qe3 a5 19. b4 axb4 20. axb4 e6 1/2-1/2

[Event "GER T277-D32-S email"]
[Site "GER email"]
[Date "2018.11.04"]
[Round "?"]
[White "Heyn, Wolfgang"]
[Black "Mehlhorn, Uwe"]
[Result "0-1"]
[WhiteElo "1676"]
[BlackElo "2151"]
[PlyCount "80"]
[EventDate "2018.11.12"]
[EventType "tourn (corr)"]
[EventRounds "8"]
[EventCountry "GER"]
[SourceTitle "Corr 2022"]
[Source "ChessBase"]
[SourceDate "2021.10.24"]
[SourceVersion "1"]
[SourceVersionDate "2021.10.24"]
[SourceQuality "1"]

1. d4 d5 2. c4 e6 3. Nc3 c5 4. cxd5 cxd4 5. Qa4+ Bd7 6. Qxd4 exd5 7. Qxd5 Nc6 8. Nf3 Nf6 9. Qd1 Bc5 10. e3 Qe7 11. Be2 0-0 12. 0-0 Rfd8 13. a3 Ne5 14. Qc2 Bc6 15. Qf5 Nxf3+ 16. Bxf3 Rac8 17. Bxc6 Rxc6 18. e4 Bd4 19. Bg5 Bxc3 20. bxc3 h6 21. Bh4 g5 22. Bxg5 hxg5 23. Qxg5+ Kf8 24. Qh6+ Ke8 25. Rfd1 Rcd6 26. Qh8+ Kd7 27. Qh3+ Kc7 28. Rxd6 Rxd6 29. Qe3 Ng4 30. Qxa7 Rb6 31. Qa5 Qh4 32. h3 Qxf2+ 33. Kh1 Ne3 34. Qg5 f6 35. Qg8 Rb5 36. c4 Rb2 37. Rg1 Nf1 38. c5 Rd2 39. Qg4 Rd3 40. a4 Rc3 0-1

[Event "GER T277-D32-S email"]
[Site "GER email"]
[Date "2018.11.04"]
[Round "?"]
[White "Zielinski, Sergej"]
[Black "Mehlhorn, Uwe"]
[Result "1/2-1/2"]
[WhiteElo "2003"]
[BlackElo "2151"]
[PlyCount "114"]
[EventDate "2018.11.12"]
[EventType "tourn (corr)"]
[EventRounds "8"]
[EventCountry "GER"]
[SourceTitle "Corr 2022"]
[Source "ChessBase"]
[SourceDate "2021.10.24"]
[SourceVersion "1"]
[SourceVersionDate "2021.10.24"]
[SourceQuality "1"]

1. d4 d5 2. c4 e6 3. Nc3 c5 4. cxd5 cxd4 5. Qa4+ Bd7 6. Qxd4 exd5 7. Qxd5 Nc6 8. Nf3 Nf6 9. Qb3 Be6 10. Qc2 Bb4 11. Bd2 0-0 12. e3 Qd7 13. a3 Bf5 14. Qb3 Bd6 15. Rd1 Rfd8 16. Be2 Rac8 17. Nb5 Be7 18. 0-0 Be6 19. Qa4 a6 20. Nc3 Qe8 21. Bc1 h6 22. Rxd8 Nxd8 23. Qxe8+ Nxe8 24. Bd2 Nd6 25. Rc1 Nc6 26. Na4 Ne4 27. Be1 Rd8 28. h3 Bb3 29. Nb6 Nc5 30. Rc3 Ba2 31. Kf1 Ne4 32. Rc1 Bf6 33. Nc4 g5 34. b4 Bb3 35. Nfd2 Nxd2+ 36. Nxd2 Be6 37. Rc2 Bg7 38. g4 f5 39. Bf3 Kf7 40. Rc5 fxg4 41. hxg4 Bf8 42. Rc2 Rd3 43. Nc4 Rb3 44. Ke2 Kg8 45. Rc1 Bg7 46. Bxc6 bxc6 47. f3 h5 48. gxh5 g4 49. Nd2 gxf3+ 50. Kf2 Rc3 51. Rxc3 Bxc3 52. Ne4 Be5 53. Nc5 Bg4 54. Nxa6 Bxh5 55. a4 Bd6 56. Nc5 Bxc5 57. bxc5 Bg6 1/2-1/2

[Event "GER-ch48 final email"]
[Site "GER email"]
[Date "2018.09.24"]
[Round "?"]
[White "Mehlhorn, Uwe"]
[Black "Bellmann, Herbert"]
[Result "1/2-1/2"]
[WhiteElo "2376"]
[BlackElo "2465"]
[PlyCount "85"]
[EventDate "2018.??.??"]
[EventType "tourn (corr)"]
[EventRounds "14"]
[EventCountry "GER"]
[SourceTitle "Corr 2022"]
[Source "ChessBase"]
[SourceDate "2021.10.24"]
[SourceVersion "1"]
[SourceVersionDate "2021.10.24"]
[SourceQuality "1"]

1. c4 e5 2. Nc3 Nf6 3. g3 Bb4 4. Bg2 0-0 5. e4 d6 6. Nge2 Nc6 7. 0-0 Bc5 8. h3 a6 9. d3 b5 10. Nd5 h6 11. Kh2 Rb8 12. f4 bxc4 13. dxc4 Nxd5 14. exd5 Nd4 15. fxe5 dxe5 16. Be3 Rxb2 17. Nxd4 Qd7 18. Nf5 Bxe3 19. Nxe3 Qxh3+ 20. Kg1 Qxg3 21. Qe1 Qg5 22. Qc3 Re2 23. Rae1 Rxe1 24. Rxe1 e4 25. c5 f5 26. Qe5 f4 27. Qxg5 hxg5 28. Bxe4 fxe3 29. Rxe3 Bf5 30. Bd3 Bxd3 31. Rxd3 Kf7 32. Rf3+ Kg8 33. Rd3 Rd8 34. Kg2 Kf7 35. Kf3 Kf6 36. Ke4 g4 37. Kf4 a5 38. Kxg4 Ke5 39. Re3+ Kd4 40. Re7 Rxd5 41. Rxc7 Rxc5 42. Rxg7 a4 43. Kf4 1/2-1/2

[Event "GER-ch48 final email"]
[Site "GER email"]
[Date "2018.09.24"]
[Round "?"]
[White "Mehlhorn, Uwe"]
[Black "Scheiba, Manfred"]
[Result "1/2-1/2"]
[WhiteElo "2376"]
[BlackElo "2420"]
[PlyCount "51"]
[EventDate "2018.??.??"]
[EventType "tourn (corr)"]
[EventRounds "14"]
[EventCountry "GER"]
[SourceTitle "Corr 2022"]
[Source "ChessBase"]
[SourceDate "2021.10.24"]
[SourceVersion "1"]
[SourceVersionDate "2021.10.24"]
[SourceQuality "1"]

1. c4 c5 2. Nc3 Nc6 3. g3 g6 4. Bg2 Bg7 5. b3 e6 6. Ba3 d6 7. e3 e5 8. d3 Nge7 9. Nge2 Be6 10. 0-0 0-0 11. Nd5 Qd7 12. Nec3 Bg4 13. Qd2 Nxd5 14. Nxd5 Ne7 15. Nxe7+ Qxe7 16. Bb2 Rae8 17. Rae1 b6 18. a3 Rb8 19. Bc3 Be6 20. a4 a6 21. b4 Qd7 22. Rb1 d5 23. cxd5 Bxd5 24. Bxd5 Qxd5 25. bxc5 bxc5 26. h4 1/2-1/2